000 02612nam0a22006011 4500
001 RU\NLR\A1SV\66671
005 20251203171251.9
035 _a(NLR Aleph) 009748296
090 _a9970520
_c9970520
100 _a20051215d1925 u y0rusy50 ca
101 0 _arus
102 _aRU
200 1 _aКомсомол в избе-читальне
_eСб.
_fСост. Политпросветом Центр. ком. РЛКСМ и Отд. изб-читален Главполитпросвета
_gПод общ. ред. А.Г.Кравченко
210 _aМ.
_aЛ.
_cМол. гвардия
_d1925
215 _a109 с.
_d17 см
225 _aПрактика дерев. ячейки РЛКСМ
300 _aЗагл. обл.: Изба-читальня
300 _aСер. указана на обл.
300 _aНапеч. в Москве
327 1 _aАвт.: И.Чичеров, Калмаков, П.Руднев, Тарьяник, Квитная, М.Механошина, С.Тарнопольская, Л.Инденбом (предположительно, Л.А.Инденбом), Л.Субботин
451 1 _1001RU\NLR\A1SV\66672
_99970525
_cМ.
_d1925
_e2-е изд.
_fСост. Политпросветом ЦК РЛКСМ и Отд. изб-читален Главполитпросвета
_nМол. гвардия
_oСб.
_p112 с.
_tКомсомол в избе-читальне
512 1 _aИзба-читальня
620 _dМосква
620 _dСанкт-Петербург
701 1 _aРуднев
_bП.В.
_f1904-1985
_gПетр Васильевич
702 1 _aКравченко
_bА.Г.
_f1890-1984
_gАнна Григорьевна
702 1 _aЧичеров
_bИ.И.
_f1902-1971
_gИван Иванович
702 1 _aКалмаков
702 1 _aТарьяник
702 1 _aКвитная
_bР.
702 1 _aМеханошина
_bМ.А.
702 1 _aТарнопольская
_bС.
702 1 _aИнденбом
_bЛ.
702 1 _aИнденбом
_bЛ.А.
_f1903-1970
_gЛев Ааронович
_4330
702 1 _aСубботин
_bЛ.А.
_f1889-1941
_gЛеонид Арсеньевич
801 0 _aRU
_bNLR
_c20051215
899 _aРНБ
_j17/514
899 _aРНБ
_j17/514а
899 _aГОПБ
899 _aРГБ
899 _aСамОУНБ
899 _aНБУВ
899 _aНГОУНБ
899 _aБАН
899 _aКирОУНБ
942 _cBOOK
980 _aNB
980 _aA1SV
980 _aA1SV
980 _aA1SV
980 _aA1SV
980 _aA1SV